[Event "Blitz 2018"]
[Site "Saint-Petersburg"]
[Date "2018.12.30"]
[Round "19"]
[Board "13"]
[White "Firouzja Alireza (IRI)"]
[Black "Yu Yangyi (CHN)"]
[Result "1/2-1/2"]
[LiveChessVersion "1.4.8"]
[BlackElo "2804"]
[WhiteElo "2667"]

1. d4 {[%clk 0:03:03]} Nf6 {[%clk 0:03:03]} 2. c4 e6 3. g3 {[%clk 0:03:06]} Bb4+
{[%clk 0:03:01]} 4. Nd2 {[%clk 0:03:05]} d5 {[%clk 0:02:59]} 5. Bg2
{[%clk 0:03:06]} O-O {[%clk 0:03:00]} 6. Ngf3 {[%clk 0:03:06]} b6
{[%clk 0:03:01]} 7. O-O {[%clk 0:03:04]} Bb7 {[%clk 0:03:03]} 8. cxd5
{[%clk 0:03:06]} exd5 {[%clk 0:03:04]} 9. Qb3 {[%clk 0:03:07]} Be7
{[%clk 0:02:51]} 10. Nb1 {[%clk 0:03:06]} Nbd7 {[%clk 0:02:44]} 11. Nc3
{[%clk 0:03:07]} Re8 {[%clk 0:02:38]} 12. Rd1 {[%clk 0:03:07]} Nf8
{[%clk 0:02:37]} 13. Ne5 {[%clk 0:03:04]} Ne6 {[%clk 0:02:36]} 14. Qa4
{[%clk 0:02:51]} Bf8 {[%clk 0:02:22]} 15. Be3 {[%clk 0:02:44]} a6
{[%clk 0:01:55]} 16. Rac1 {[%clk 0:02:36]} Rc8 {[%clk 0:01:48]} 17. Qb3
{[%clk 0:02:26]} c6 {[%clk 0:01:28]} 18. h4 {[%clk 0:02:20]} h6 {[%clk 0:01:29]}
19. Bf3 {[%clk 0:02:20]} Bd6 {[%clk 0:01:27]} 20. Nd3 {[%clk 0:02:06]} Rb8
{[%clk 0:01:19]} 21. Na4 {[%clk 0:02:03]} Ba8 {[%clk 0:01:20]} 22. Nb4
{[%clk 0:01:59]} b5 {[%clk 0:00:47]} 23. Nc5 {[%clk 0:01:42]} Bxc5
{[%clk 0:00:47]} 24. dxc5 {[%clk 0:01:43]} a5 {[%clk 0:00:49]} 25. Nc2
{[%clk 0:01:38]} Bb7 {[%clk 0:00:48]} 26. Qc3 {[%clk 0:01:31]} b4
{[%clk 0:00:49]} 27. Qd2 {[%clk 0:01:30]} Ba6 {[%clk 0:00:50]} 28. Nd4
{[%clk 0:01:22]} Nxd4 {[%clk 0:00:45]} 29. Bxd4 {[%clk 0:01:23]} Ne4
{[%clk 0:00:44]} 30. Qf4 {[%clk 0:01:24]} Qe7 {[%clk 0:00:36]} 31. Re1
{[%clk 0:01:21]} Bb5 {[%clk 0:00:34]} 32. Qg4 {[%clk 0:01:17]} Nf6
{[%clk 0:00:32]} 33. Qf5 {[%clk 0:01:17]} Qe6 {[%clk 0:00:33]} 34. Qf4
{[%clk 0:01:16]} Rb7 {[%clk 0:00:32]} 35. Kg2 {[%clk 0:01:10]} Rbe7
{[%clk 0:00:34]} 36. g4 {[%clk 0:01:08]} Nd7 {[%clk 0:00:28]} 37. g5
{[%clk 0:01:00]} Ne5 {[%clk 0:00:27]} 38. e3 {[%clk 0:00:22]} Nxf3
{[%clk 0:00:23]} 39. Qxf3 {[%clk 0:00:17]} Bd3 {[%clk 0:00:24]} 40. Qf4
{[%clk 0:00:17]} Qe4+ {[%clk 0:00:14]} 41. Qxe4 {[%clk 0:00:16]} Rxe4
{[%clk 0:00:15]} 42. Kg3 {[%clk 0:00:16]} h5 {[%clk 0:00:14]} 43. f3
{[%clk 0:00:16]} R4e6 {[%clk 0:00:16]} 44. Rcd1 {[%clk 0:00:12]} Bc4
{[%clk 0:00:17]} 45. a3 {[%clk 0:00:10]} Rb8 {[%clk 0:00:12]} 46. Ra1
{[%clk 0:00:11]} b3 {[%clk 0:00:10]} 47. a4 {[%clk 0:00:12]} f6 {[%clk 0:00:09]}
48. gxf6 {[%clk 0:00:12]} gxf6 49. Kf4 Kf7 {[%clk 0:00:11]} 50. Bc3
{[%clk 0:00:13]} Ra8 {[%clk 0:00:09]} 51. Rg1 {[%clk 0:00:14]} Ree8
{[%clk 0:00:06]} 52. Rg3 {[%clk 0:00:14]} Rg8 {[%clk 0:00:03]} 53. Rxg8
{[%clk 0:00:14]} Rxg8 {[%clk 0:00:04]} 54. Bxa5 {[%clk 0:00:10]} Ke6
{[%clk 0:00:05]} 55. Bc3 {[%clk 0:00:10]} Ba6 {[%clk 0:00:05]} 56. a5
{[%clk 0:00:10]} Rg7 {[%clk 0:00:05]} 57. Ra3 {[%clk 0:00:11]} Rb7
{[%clk 0:00:06]} 58. Ra1 {[%clk 0:00:08]} Rb5 {[%clk 0:00:07]} 59. Bd4
{[%clk 0:00:09]} Rb4 {[%clk 0:00:07]} 60. Rg1 {[%clk 0:00:09]} Kf7
{[%clk 0:00:07]} 61. Ra1 {[%clk 0:00:06]} Ke6 {[%clk 0:00:09]} 62. Ra3
{[%clk 0:00:06]} Kf7 {[%clk 0:00:09]} 63. Ra1 {[%clk 0:00:07]} Ke6
{[%clk 0:00:10]} 64. Kg3 {[%clk 0:00:05]} Kf5 {[%clk 0:00:10]} 65. Ra3
{[%clk 0:00:04]} Rb8 {[%clk 0:00:10]} 66. Kf2 {[%clk 0:00:04]} Rb4
{[%clk 0:00:11]} 67. Ra1 {[%clk 0:00:05]} Rc4 {[%clk 0:00:11]} 68. Kg3
{[%clk 0:00:05]} Rb4 {[%clk 0:00:13]} 69. Ra3 {[%clk 0:00:04]} Rb8
{[%clk 0:00:14]} 70. Ra1 {[%clk 0:00:05]} Rb4 {[%clk 0:00:15]} 71. Re1
{[%clk 0:00:06]} Ke6 {[%clk 0:00:16]} 72. Kf4 Ra4 73. Rg1 {[%clk 0:00:07]} Kf7
{[%clk 0:00:19]} 74. Rc1 {[%clk 0:00:05]} Rxa5 75. Rg1 {[%clk 0:00:06]} Ra4
{[%clk 0:00:21]} 76. Rc1 {[%clk 0:00:07]} Bb5 {[%clk 0:00:19]} 77. Rc3
{[%clk 0:00:06]} Bc4 {[%clk 0:00:19]} 78. Rc1 {[%clk 0:00:07]} Ra8
{[%clk 0:00:20]} 79. Rg1 {[%clk 0:00:07]} Bd3 {[%clk 0:00:19]} 80. Rc1
{[%clk 0:00:06]} Rg8 {[%clk 0:00:17]} 81. Ra1 {[%clk 0:00:06]} Re8
{[%clk 0:00:08]} 82. Ra7+ {[%clk 0:00:06]} Re7 {[%clk 0:00:09]} 83. Ra8
{[%clk 0:00:07]} Rb7 {[%clk 0:00:04]} 84. Rd8 {[%clk 0:00:07]} Re7
{[%clk 0:00:04]} 85. Rc8 {[%clk 0:00:06]} Bb5 {[%clk 0:00:05]} 86. Rh8
{[%clk 0:00:06]} Kg6 {[%clk 0:00:07]} 87. Rf8 {[%clk 0:00:06]} Rf7
{[%clk 0:00:08]} 88. Rg8+ {[%clk 0:00:06]} Rg7 {[%clk 0:00:07]} 89. Rxg7+
{[%clk 0:00:05]} Kxg7 {[%clk 0:00:08]} 90. Kf5 {[%clk 0:00:06]} Kf7
{[%clk 0:00:05]} 91. Bxf6 {[%clk 0:00:07]} Be2 {[%clk 0:00:06]} 92. f4
{[%clk 0:00:07]} Bd3+ {[%clk 0:00:05]} 93. Ke5 {[%clk 0:00:07]} Kg6
{[%clk 0:00:04]} 94. Bg5 {[%clk 0:00:07]} Kf7 {[%clk 0:00:05]} 95. f5
{[%clk 0:00:08]} Bc4 {[%clk 0:00:06]} 96. Bf4 {[%clk 0:00:04]} Bd3
{[%clk 0:00:08]} 97. Bg5 {[%clk 0:00:05]} Bc4 {[%clk 0:00:09]} 98. Kd6
{[%clk 0:00:06]} Bb5 {[%clk 0:00:10]} 99. Kd7 {[%clk 0:00:06]} Ba4
{[%clk 0:00:12]} 100. Kc7 {[%clk 0:00:06]} Bb5 {[%clk 0:00:13]} 101. Kb6
{[%clk 0:00:07]} Ke8 {[%clk 0:00:14]} 102. Ka5 {[%clk 0:00:08]} Bd3
{[%clk 0:00:13]} 103. f6 {[%clk 0:00:05]} Kf7 {[%clk 0:00:14]} 104. Kb4
{[%clk 0:00:06]} Bc2 {[%clk 0:00:15]} 105. Kc3 {[%clk 0:00:06]} Bd1
{[%clk 0:00:15]} 106. Kd4 {[%clk 0:00:07]} Ke6 {[%clk 0:00:14]} 107. Kc3
{[%clk 0:00:06]} Bc2 {[%clk 0:00:16]} 108. Kb4 {[%clk 0:00:07]} Bd1
{[%clk 0:00:16]} 109. Ka5 {[%clk 0:00:07]} Be2 {[%clk 0:00:15]} 110. Kb6
{[%clk 0:00:07]} Bb5 {[%clk 0:00:16]} 111. Kc7 {[%clk 0:00:08]} Ba4
{[%clk 0:00:16]} 112. Kd8 {[%clk 0:00:09]} Kf7 {[%clk 0:00:17]} 113. Kd7
{[%clk 0:00:10]} Bb5 {[%clk 0:00:19]} 114. Kd6 {[%clk 0:00:11]} Ba4
{[%clk 0:00:19]} 115. Ke5 {[%clk 0:00:11]} Bb5 {[%clk 0:00:20]} 116. Bf4
{[%clk 0:00:10]} Ba4 {[%clk 0:00:18]} 117. Kf5 {[%clk 0:00:11]} Bb5
{[%clk 0:00:19]} 118. Kg5 {[%clk 0:00:12]} Be2 {[%clk 0:00:21]} 119. Be5
{[%clk 0:00:12]} Bd1 {[%clk 0:00:21]} 120. Bd4 {[%clk 0:00:11]} Be2
{[%clk 0:00:23]} 121. Kf4 {[%clk 0:00:12]} Ke6 {[%clk 0:00:22]} 122. Kg5
{[%clk 0:00:12]} Kf7 {[%clk 0:00:23]} 123. Kf5 {[%clk 0:00:12]} Bg4+
{[%clk 0:00:22]} 124. Ke5 {[%clk 0:00:13]} Be2 {[%clk 0:00:23]} 125. Bc3
{[%clk 0:00:12]} Bd3 {[%clk 0:00:21]} 126. Kd4 {[%clk 0:00:11]} Bb5
{[%clk 0:00:20]} 127. Ke5 {[%clk 0:00:08]} Bd3 {[%clk 0:00:20]} 128. Kd6
{[%clk 0:00:08]} Bb5 {[%clk 0:00:22]} 129. Kc7 {[%clk 0:00:10]} Ke6
{[%clk 0:00:19]} 130. Kb6 {[%clk 0:00:10]} Kf7 {[%clk 0:00:16]} 131. Ka5
{[%clk 0:00:11]} Bd3 {[%clk 0:00:17]} 1/2-1/2

[Event "Blitz 2018"]
[Site "Saint-Petersburg"]
[Date "2018.12.30"]
[Round "19"]
[Board "15"]
[White "Jones Gawain C B (ENG)"]
[Black "Ghaem Maghami Ehsan (IRI)"]
[Result "0-1"]
[LiveChessVersion "1.4.8"]
[BlackElo "2582"]
[WhiteElo "2722"]

1. e4 {[%clk 0:03:03]} c5 {[%clk 0:03:04]} 2. Nf3 {[%clk 0:03:03]} e6
{[%clk 0:03:05]} 3. g3 {[%clk 0:03:03]} d6 {[%clk 0:02:42]} 4. Bg2
{[%clk 0:03:04]} Nf6 {[%clk 0:02:43]} 5. d3 {[%clk 0:03:02]} Be7 {[%clk 0:02:43]}
6. O-O {[%clk 0:03:02]} Nc6 {[%clk 0:02:43]} 7. Qe2 {[%clk 0:03:01]} O-O
{[%clk 0:02:41]} 8. e5 {[%clk 0:02:54]} dxe5 {[%clk 0:02:41]} 9. Nxe5
{[%clk 0:02:55]} Nd4 {[%clk 0:02:42]} 10. Qd1 {[%clk 0:02:55]} Nd7
{[%clk 0:02:43]} 11. Nxd7 {[%clk 0:02:46]} Qxd7 {[%clk 0:02:44]} 12. Nd2
{[%clk 0:02:37]} Rb8 {[%clk 0:02:33]} 13. Nc4 {[%clk 0:02:36]} f6
{[%clk 0:02:34]} 14. a4 {[%clk 0:02:30]} b6 {[%clk 0:02:35]} 15. c3
{[%clk 0:02:24]} Nf5 {[%clk 0:02:36]} 16. a5 {[%clk 0:02:14]} b5 {[%clk 0:02:31]}
17. Ne3 {[%clk 0:02:14]} Nd6 {[%clk 0:02:23]} 18. d4 {[%clk 0:02:13]} c4
{[%clk 0:02:19]} 19. Re1 {[%clk 0:02:03]} a6 {[%clk 0:02:14]} 20. b3
{[%clk 0:01:52]} Bb7 {[%clk 0:02:02]} 21. d5 {[%clk 0:01:53]} e5 {[%clk 0:01:58]}
22. b4 {[%clk 0:01:51]} Rbd8 {[%clk 0:01:52]} 23. Qh5 {[%clk 0:01:51]} g6
{[%clk 0:01:51]} 24. Qe2 {[%clk 0:01:45]} f5 {[%clk 0:01:43]} 25. Bb2
{[%clk 0:01:41]} Bf6 {[%clk 0:01:41]} 26. Rad1 {[%clk 0:01:42]} Rfe8
{[%clk 0:01:41]} 27. Qf1 {[%clk 0:01:41]} Qg7 {[%clk 0:01:37]} 28. Nc2
{[%clk 0:01:38]} e4 {[%clk 0:01:29]} 29. Re3 {[%clk 0:01:33]} Nf7
{[%clk 0:01:27]} 30. f3 {[%clk 0:01:29]} Rxd5 {[%clk 0:00:57]} 31. Rxd5
{[%clk 0:01:27]} Bxd5 {[%clk 0:00:59]} 32. fxe4 {[%clk 0:01:06]} Bxe4
{[%clk 0:00:58]} 33. Bxe4 {[%clk 0:01:07]} fxe4 {[%clk 0:00:54]} 34. Qd1
{[%clk 0:00:58]} Ng5 {[%clk 0:00:35]} 35. h4 {[%clk 0:00:45]} Rd8
{[%clk 0:00:15]} 36. Qf1 {[%clk 0:00:25]} Nf3+ {[%clk 0:00:13]} 37. Kh1
{[%clk 0:00:26]} Rd2 {[%clk 0:00:09]} 38. Re2 {[%clk 0:00:26]} Rxe2
{[%clk 0:00:08]} 39. Qxe2 {[%clk 0:00:28]} Qd7 {[%clk 0:00:09]} 40. Kg2
{[%clk 0:00:27]} Qd3 {[%clk 0:00:07]} 41. Kf2 {[%clk 0:00:27]} Ne5
{[%clk 0:00:06]} 42. Ne3 {[%clk 0:00:24]} h5 {[%clk 0:00:06]} 43. Bc1
{[%clk 0:00:20]} Kf7 {[%clk 0:00:07]} 44. Bd2 {[%clk 0:00:17]} Nf3
{[%clk 0:00:06]} 45. Qxd3 {[%clk 0:00:16]} cxd3 {[%clk 0:00:06]} 46. Nf1
{[%clk 0:00:16]} Ke6 {[%clk 0:00:06]} 47. c4 {[%clk 0:00:11]} bxc4
{[%clk 0:00:06]} 48. b5 {[%clk 0:00:12]} axb5 {[%clk 0:00:05]} 49. Be3
{[%clk 0:00:12]} Nd4 {[%clk 0:00:03]} 50. a6 {[%clk 0:00:13]} Nc6
{[%clk 0:00:04]} 51. Nd2 Kd5 52. a7 {[%clk 0:00:11]} Nxa7 {[%clk 0:00:07]} 53.
Bxa7 {[%clk 0:00:12]} b4 {[%clk 0:00:08]} 54. Ke3 {[%clk 0:00:12]} Bb2
{[%clk 0:00:06]} 55. Nxe4 {[%clk 0:00:10]} Bc1+ {[%clk 0:00:07]} 56. Nd2
{[%clk 0:00:11]} b3 {[%clk 0:00:08]} 57. Kf3 {[%clk 0:00:05]} Bxd2 58. g4
{[%clk 0:00:07]} b2 {[%clk 0:00:09]} 59. gxh5 gxh5 {[%clk 0:00:10]} 60. Be3
{[%clk 0:00:08]} Bxe3 {[%clk 0:00:11]} 0-1

[Event "Blitz 2018"]
[Site "Saint-Petersburg"]
[Date "2018.12.30"]
[Round "19"]
[Board "16"]
[White "Jobava Baadur (GEO)"]
[Black "Sychev Klementy (RUS)"]
[Result "1/2-1/2"]
[LiveChessVersion "1.4.8"]
[BlackElo "2594"]
[WhiteElo "2705"]

1. d4 {[%clk 0:03:03]} Nf6 {[%clk 0:03:03]} 2. c4 {[%clk 0:03:04]} g6
{[%clk 0:03:04]} 3. Nc3 {[%clk 0:03:05]} d5 {[%clk 0:03:05]} 4. Bg5
{[%clk 0:03:06]} Bg7 {[%clk 0:03:06]} 5. Bxf6 {[%clk 0:03:06]} Bxf6
{[%clk 0:03:07]} 6. cxd5 {[%clk 0:03:07]} c5 {[%clk 0:03:08]} 7. dxc6
{[%clk 0:03:02]} Bxd4 {[%clk 0:02:54]} 8. cxb7 {[%clk 0:02:51]} Bxb7
{[%clk 0:02:54]} 9. e3 {[%clk 0:02:48]} Bxc3+ {[%clk 0:02:55]} 10. bxc3
{[%clk 0:02:49]} Qc7 {[%clk 0:02:38]} 11. Bb5+ {[%clk 0:02:34]} Kf8
{[%clk 0:02:31]} 12. Qd4 {[%clk 0:02:19]} e5 {[%clk 0:02:28]} 13. Qb4+
{[%clk 0:02:20]} Kg7 {[%clk 0:02:25]} 14. Nf3 {[%clk 0:02:21]} Na6
{[%clk 0:02:06]} 15. Qc4 {[%clk 0:02:03]} Qxc4 {[%clk 0:01:40]} 16. Bxc4
{[%clk 0:02:03]} Rhc8 {[%clk 0:01:41]} 17. Bxa6 {[%clk 0:01:53]} Bxa6
{[%clk 0:01:41]} 18. Nxe5 {[%clk 0:01:54]} Rxc3 {[%clk 0:01:39]} 19. Kd2
{[%clk 0:01:55]} Ra3 {[%clk 0:01:20]} 20. Rhc1 {[%clk 0:01:54]} Rd8+
{[%clk 0:01:11]} 21. Ke1 {[%clk 0:01:55]} Rd5 {[%clk 0:01:03]} 22. Nc6
{[%clk 0:01:50]} Rg5 {[%clk 0:00:44]} 23. g3 {[%clk 0:01:51]} Rh5
{[%clk 0:00:46]} 24. h4 {[%clk 0:01:53]} Rb5 {[%clk 0:00:35]} 25. Rc2
{[%clk 0:01:50]} Bb7 {[%clk 0:00:27]} 26. Nd4 {[%clk 0:01:50]} Rba5
{[%clk 0:00:25]} 27. Kd2 {[%clk 0:01:42]} Bd5 {[%clk 0:00:24]} 28. Kc1
{[%clk 0:01:40]} Rxa2 {[%clk 0:00:24]} 29. Rcxa2 {[%clk 0:01:40]} Rxa2
{[%clk 0:00:24]} 30. Rxa2 {[%clk 0:01:41]} Bxa2 {[%clk 0:00:25]} 31. Kb2
{[%clk 0:01:39]} Bd5 {[%clk 0:00:24]} 32. Kc3 {[%clk 0:01:40]} Kf6
{[%clk 0:00:25]} 33. Kb4 {[%clk 0:01:41]} Ke5 {[%clk 0:00:24]} 34. Kc5
{[%clk 0:01:34]} Bb7 {[%clk 0:00:22]} 35. Nb5 {[%clk 0:01:31]} a5
{[%clk 0:00:17]} 36. Nd6 {[%clk 0:01:32]} Bd5 {[%clk 0:00:13]} 37. f4+
{[%clk 0:01:31]} Ke6 {[%clk 0:00:13]} 38. Nb5 {[%clk 0:01:28]} Bg2
{[%clk 0:00:08]} 39. Nd4+ {[%clk 0:01:29]} Kd7 {[%clk 0:00:07]} 40. Nb5
{[%clk 0:01:07]} Ke6 {[%clk 0:00:06]} 41. Nd4+ Kd7 42. g4 {[%clk 0:00:49]} a4
{[%clk 0:00:08]} 43. Nb5 {[%clk 0:00:45]} Bf1 {[%clk 0:00:08]} 44. Nc3
{[%clk 0:00:46]} a3 {[%clk 0:00:09]} 45. Kb4 {[%clk 0:00:48]} Bh3
{[%clk 0:00:07]} 46. g5 {[%clk 0:00:49]} Ke6 {[%clk 0:00:08]} 47. e4
{[%clk 0:00:49]} Kd6 {[%clk 0:00:10]} 48. Nb5+ {[%clk 0:00:48]} Kc6
{[%clk 0:00:11]} 49. Nxa3 {[%clk 0:00:48]} Bg2 {[%clk 0:00:12]} 50. e5
{[%clk 0:00:46]} Kd5 {[%clk 0:00:14]} 51. Nc4 {[%clk 0:00:47]} Ke4
{[%clk 0:00:15]} 52. Nd6+ {[%clk 0:00:48]} Kxf4 {[%clk 0:00:16]} 53. Kc5
{[%clk 0:00:44]} Kxe5 {[%clk 0:00:17]} 54. Nxf7+ {[%clk 0:00:45]} Kf4
{[%clk 0:00:18]} 55. Kd4 {[%clk 0:00:44]} Kg4 {[%clk 0:00:18]} 56. Ke5
{[%clk 0:00:45]} Kxh4 {[%clk 0:00:18]} 57. Kf4 {[%clk 0:00:45]} Bd5
{[%clk 0:00:19]} 58. Ne5 {[%clk 0:00:46]} Bb7 {[%clk 0:00:16]} 59. Nd7
{[%clk 0:00:48]} Bc6 {[%clk 0:00:10]} 60. Nf6 {[%clk 0:00:49]} Ba4
{[%clk 0:00:11]} 61. Nxh7 {[%clk 0:00:50]} Bc2 {[%clk 0:00:13]} 62. Ke5
{[%clk 0:00:51]} Bb1 {[%clk 0:00:19]} 1/2-1/2

[Event "Blitz 2018"]
[Site "Saint-Petersburg"]
[Date "2018.12.30"]
[Round "19"]
[Board "17"]
[White "Khusnutdinov Rustam (KAZ)"]
[Black "Korobov Anton (UKR)"]
[Result "0-1"]
[LiveChessVersion "1.4.8"]
[BlackElo "2677"]
[WhiteElo "2582"]

1. Nc3 {[%clk 0:03:03]} c5 {[%clk 0:03:00]} 2. Nf3 {[%clk 0:03:04]} Nc6
{[%clk 0:02:57]} 3. d4 {[%clk 0:03:05]} cxd4 {[%clk 0:02:54]} 4. Nxd4
{[%clk 0:03:06]} Nf6 {[%clk 0:02:55]} 5. Bg5 {[%clk 0:03:07]} Qb6
{[%clk 0:02:44]} 6. Nb3 {[%clk 0:03:00]} e6 {[%clk 0:02:42]} 7. e4
{[%clk 0:02:35]} a6 {[%clk 0:02:35]} 8. Qd2 {[%clk 0:02:22]} Be7 {[%clk 0:02:34]}
9. O-O-O {[%clk 0:02:16]} d6 {[%clk 0:02:33]} 10. f4 {[%clk 0:02:15]} Qc7
{[%clk 0:02:29]} 11. g4 {[%clk 0:02:09]} b5 {[%clk 0:02:21]} 12. Bxf6
{[%clk 0:02:01]} gxf6 {[%clk 0:02:20]} 13. h4 {[%clk 0:02:00]} Bb7
{[%clk 0:02:12]} 14. g5 {[%clk 0:01:59]} O-O-O {[%clk 0:02:07]} 15. Bh3
{[%clk 0:01:59]} Kb8 {[%clk 0:02:08]} 16. f5 {[%clk 0:01:56]} Bc8
{[%clk 0:02:04]} 17. Rhf1 {[%clk 0:01:57]} fxg5 {[%clk 0:01:57]} 18. hxg5
{[%clk 0:01:54]} Rdg8 {[%clk 0:01:56]} 19. f6 {[%clk 0:01:31]} Bf8
{[%clk 0:01:57]} 20. Kb1 {[%clk 0:01:31]} h6 {[%clk 0:01:56]} 21. gxh6
{[%clk 0:01:28]} Rxh6 {[%clk 0:01:57]} 22. Bg2 {[%clk 0:01:20]} Rh2
{[%clk 0:01:51]} 23. Rf2 {[%clk 0:01:19]} Qb6 {[%clk 0:01:45]} 24. Rdf1
{[%clk 0:00:54]} Ne5 {[%clk 0:01:39]} 25. a4 {[%clk 0:00:55]} b4 {[%clk 0:01:32]}
26. Nd1 {[%clk 0:00:56]} a5 {[%clk 0:01:30]} 27. Bh1 {[%clk 0:00:50]} Rh3
{[%clk 0:01:21]} 28. Bg2 {[%clk 0:00:48]} Rhg3 {[%clk 0:01:19]} 29. Bh1
{[%clk 0:00:47]} Ba6 {[%clk 0:01:17]} 30. Re1 {[%clk 0:00:46]} Bh6
{[%clk 0:01:13]} 31. Qd4 {[%clk 0:00:46]} Qxd4 {[%clk 0:01:12]} 32. Nxd4
{[%clk 0:00:47]} Rg1 {[%clk 0:01:13]} 33. Rxg1 {[%clk 0:00:11]} Rxg1 34. Rh2
Rxd1+ 35. Ka2 Rxd4 {[%clk 0:01:07]} 36. Rxh6 {[%clk 0:00:15]} Rd2
{[%clk 0:01:04]} 0-1

[Event "Blitz 2018"]
[Site "Saint-Petersburg"]
[Date "2018.12.30"]
[Round "19"]
[Board "18"]
[White "Adly Ahmed (EGY)"]
[Black "Tsydypov Zhamsaran (RUS)"]
[Result "1-0"]
[LiveChessVersion "1.4.8"]
[BlackElo "2573"]
[WhiteElo "2675"]

1. Nf3 {[%clk 0:03:03]} Nf6 {[%clk 0:03:01]} 2. c4 {[%clk 0:03:03]} e6
{[%clk 0:03:00]} 3. g3 {[%clk 0:03:04]} b6 {[%clk 0:02:59]} 4. Bg2
{[%clk 0:03:05]} Bb7 {[%clk 0:03:00]} 5. O-O {[%clk 0:03:05]} g6 {[%clk 0:02:58]}
6. d4 {[%clk 0:03:05]} Bg7 {[%clk 0:02:58]} 7. d5 {[%clk 0:03:06]} exd5
{[%clk 0:02:47]} 8. Ne1 {[%clk 0:03:07]} O-O {[%clk 0:02:46]} 9. Nc3
{[%clk 0:03:05]} Na6 {[%clk 0:02:31]} 10. cxd5 {[%clk 0:03:04]} Nc5
{[%clk 0:02:28]} 11. Nd3 {[%clk 0:03:04]} Nxd3 {[%clk 0:02:26]} 12. Qxd3
{[%clk 0:03:04]} Re8 {[%clk 0:02:26]} 13. Bf4 {[%clk 0:03:00]} Ng4
{[%clk 0:01:40]} 14. Rac1 {[%clk 0:02:52]} Ne5 {[%clk 0:01:32]} 15. Qc2
{[%clk 0:02:48]} a6 {[%clk 0:01:33]} 16. Rfd1 {[%clk 0:02:44]} d6
{[%clk 0:01:25]} 17. e4 {[%clk 0:02:39]} Rc8 {[%clk 0:01:23]} 18. Ne2
{[%clk 0:02:36]} c5 {[%clk 0:01:00]} 19. dxc6 {[%clk 0:02:35]} Rxc6
{[%clk 0:01:01]} 20. Qb1 {[%clk 0:02:28]} b5 {[%clk 0:00:57]} 21. b3
{[%clk 0:02:24]} Qe7 {[%clk 0:00:55]} 22. h3 {[%clk 0:02:15]} Rec8
{[%clk 0:00:52]} 23. Rxc6 {[%clk 0:02:11]} Bxc6 {[%clk 0:00:53]} 24. Be3
{[%clk 0:02:08]} Bb7 {[%clk 0:00:51]} 25. Nf4 {[%clk 0:02:05]} Nd7
{[%clk 0:00:41]} 26. Qd3 {[%clk 0:02:03]} Be5 {[%clk 0:00:40]} 27. Nd5
{[%clk 0:02:01]} Qd8 {[%clk 0:00:39]} 28. Qd2 {[%clk 0:01:57]} Nc5
{[%clk 0:00:37]} 29. Bg5 {[%clk 0:01:53]} f6 {[%clk 0:00:37]} 30. Be3
{[%clk 0:01:53]} b4 {[%clk 0:00:17]} 31. Qxb4 {[%clk 0:01:49]} Bxd5
{[%clk 0:00:13]} 32. Rxd5 {[%clk 0:01:48]} Qc7 {[%clk 0:00:13]} 33. f4
{[%clk 0:01:41]} Ba1 {[%clk 0:00:12]} 34. Qe1 {[%clk 0:01:40]} Bb2
{[%clk 0:00:12]} 35. Qd2 {[%clk 0:01:40]} Ba3 {[%clk 0:00:12]} 36. Rxd6
{[%clk 0:01:36]} Kg7 {[%clk 0:00:12]} 37. Kh2 {[%clk 0:01:33]} Qe7
{[%clk 0:00:06]} 38. Bxc5 {[%clk 0:01:31]} 1-0

[Event "Blitz 2018"]
[Site "Saint-Petersburg"]
[Date "2018.12.30"]
[Round "19"]
[Board "20"]
[White "Melkumyan Hrant (ARM)"]
[Black "Maghsoodloo Parham (IRI)"]
[Result "0-1"]
[LiveChessVersion "1.4.8"]
[BlackElo "2642"]
[WhiteElo "2699"]

1. Nf3 {[%clk 0:03:03]} Nf6 {[%clk 0:03:03]} 2. c4 {[%clk 0:03:05]} e6
{[%clk 0:03:02]} 3. Nc3 {[%clk 0:03:05]} d5 {[%clk 0:03:00]} 4. d4
{[%clk 0:03:07]} a6 {[%clk 0:03:00]} 5. cxd5 {[%clk 0:03:07]} exd5
{[%clk 0:03:01]} 6. Bg5 {[%clk 0:03:07]} Be6 {[%clk 0:03:03]} 7. Qb3
{[%clk 0:03:07]} b5 {[%clk 0:03:04]} 8. e3 {[%clk 0:02:14]} c5 {[%clk 0:03:04]}
9. Qc2 {[%clk 0:02:11]} c4 {[%clk 0:03:00]} 10. a3 {[%clk 0:02:06]} Be7
{[%clk 0:02:54]} 11. Ne5 {[%clk 0:02:06]} Nfd7 {[%clk 0:02:48]} 12. Bf4
{[%clk 0:01:53]} Nxe5 {[%clk 0:02:43]} 13. dxe5 {[%clk 0:01:54]} d4
{[%clk 0:02:15]} 14. exd4 {[%clk 0:01:50]} Qxd4 {[%clk 0:02:14]} 15. Bg3
{[%clk 0:01:41]} Nc6 {[%clk 0:02:04]} 16. Be2 {[%clk 0:01:33]} Qb6
{[%clk 0:02:03]} 17. Qe4 {[%clk 0:01:20]} Rd8 {[%clk 0:02:03]} 18. O-O
{[%clk 0:01:18]} Nd4 {[%clk 0:02:01]} 19. Bg4 {[%clk 0:01:11]} Nb3
{[%clk 0:02:00]} 20. Rad1 {[%clk 0:00:22]} Nd2 {[%clk 0:02:00]} 21. Qe2
{[%clk 0:00:08]} Nxf1 {[%clk 0:01:59]} 22. Rxf1 {[%clk 0:00:10]} O-O
{[%clk 0:01:58]} 23. h3 {[%clk 0:00:08]} Bxg4 {[%clk 0:01:48]} 24. hxg4
{[%clk 0:00:06]} Qg6 {[%clk 0:01:35]} 25. Qf3 {[%clk 0:00:04]} Rd4
{[%clk 0:01:31]} 26. Nd5 {[%clk 0:00:03]} Bc5 {[%clk 0:01:28]} 27. Ne3
{[%clk 0:00:05]} Rd3 {[%clk 0:01:27]} 28. Bf4 {[%clk 0:00:04]} Qe6
{[%clk 0:01:15]} 29. Qb7 {[%clk 0:00:04]} Qc8 {[%clk 0:01:13]} 30. Qe4
{[%clk 0:00:03]} Bxe3 {[%clk 0:01:08]} 31. Bxe3 {[%clk 0:00:05]} Qa8
{[%clk 0:01:07]} 32. Qf5 {[%clk 0:00:03]} Qd5 {[%clk 0:01:06]} 33. Kh2
{[%clk 0:00:04]} Re8 {[%clk 0:01:03]} 34. Bf4 {[%clk 0:00:06]} Rd4
{[%clk 0:01:03]} 35. Bg3 {[%clk 0:00:06]} Qe6 {[%clk 0:01:01]} 36. Re1
{[%clk 0:00:03]} Rxg4 {[%clk 0:01:00]} 37. Qf3 {[%clk 0:00:04]} Rd4
{[%clk 0:01:00]} 38. Qb7 {[%clk 0:00:03]} Rd7 {[%clk 0:00:59]} 39. Qf3
{[%clk 0:00:04]} h6 {[%clk 0:00:59]} 40. Re4 {[%clk 0:00:04]} Red8
{[%clk 0:01:00]} 41. Rg4 {[%clk 0:00:03]} Rd4 {[%clk 0:01:01]} 42. Bf4
{[%clk 0:00:04]} g5 {[%clk 0:00:55]} 43. Qg3 {[%clk 0:00:03]} Qf5
{[%clk 0:00:52]} 44. Bxg5 {[%clk 0:00:03]} Rxg4 {[%clk 0:00:52]} 0-1